| 000 | 01297cam a2200241 4500 | ||
|---|---|---|---|
| 008 | 040520n2004 000 0 eng u | ||
| 020 | _a1859461425 | ||
| 035 | _a(Sirsi) u126246 | ||
| 041 | _aeng | ||
| 050 |
_a711.1 _c18 |
||
| 100 | _aEgan, John | ||
| 245 | 4 | _aThe Egan review: skills for sustainable communities | |
| 260 |
_aLondon _bODPM _c2004 |
||
| 520 | _aIn April 2003, Sir John Egan was asked to conduct a review to consider the skills needed to help deliver the vision and aims of the Sustainable Communities Plan (ISBN 777018485). This report presents the findings of his review and seeks to clarify what the term sustainable community means; identify who is responsible for leading the delivery of sustainable communities; and recognise the skills necessary to achieve sustainable communities. View at www.odpm.gov.uk/eganreview. | ||
| 650 | _aSUSTAINABLE COMMUNITIES | ||
| 650 | _aSUSTAINABLE COMMUNITIES: BUILDING FOR THE FUTURE | ||
| 650 | _aSKILLS | ||
| 650 | _aPROFESSIONS | ||
| 690 | _aENVIRONMENTAL AND LAND CONSULTANCY-PLANNING AND DEVELOPMENT | ||
| 710 |
_aUnited Kingdom _bOffice of the Deputy Prime Minister |
||
| 856 |
_uhttps://www.communities.gov.uk/publications/communities/eganreview _zView the report on the www.communities.gov.uk website. |
||
| 942 | _n0 | ||
| 999 |
_c103588 _d103588 |
||